Plánovanie logistických pracovníkov vo výrobe

Ako postupovať pri definovaní počtu logistických pracovníkov. Analýza interných logistických činností, identifikácia plytvaní a ich príčin. Rozdelenie logistických činností na štandardné a neštandardné, vrátane popisu riešení neštandardných logistických činností. Definovanie potreby počtu pracovníko...

Ausführliche Beschreibung

Gespeichert in:
Bibliographische Detailangaben
1. Verfasser: Balušíková, Jana
Format: Buchkapitel
Sprache:Slowakisch
Schlagworte:
Tags: Tag hinzufügen
Keine Tags, Fügen Sie das erste Tag hinzu!

MARC

LEADER 00000naa$a2200000$$$4500
001 0086856
005 20231128134707.7
041 0 |a slo 
044 |a CZ 
245 1 0 |a Plánovanie logistických pracovníkov vo výrobe  |c Jana Balušíková 
520 |a Ako postupovať pri definovaní počtu logistických pracovníkov. Analýza interných logistických činností, identifikácia plytvaní a ich príčin. Rozdelenie logistických činností na štandardné a neštandardné, vrátane popisu riešení neštandardných logistických činností. Definovanie potreby počtu pracovníkov. 
610 2 0 |a logistika 
610 2 0 |a manipulácia s materiálom 
610 2 0 |a distribúcia 
610 2 0 |a doprava 
610 2 0 |a práca 
610 2 0 |a pracovníci 
610 2 0 |a čas pracovný 
610 2 0 |a výroba 
100 1 |a Balušíková, Jana